Spoločenská zodpovednosť firiem v tabakovom priemysle so zameranim na firmu Philip Morris bakalárska práca

Salvato in:
Dettagli Bibliografici
Autore principale: Repková, Simona
Ente Autore: Obchodná fakulta EU. Katedra marketingu
Altri autori: Chomová, Katarína, 1983-
Natura: Libro
Lingua:slovacco
Pubblicazione: Bratislava 2011
Tags: Aggiungi Tag
Nessun Tag, puoi essere il primo ad aggiungerne!!

MARC

LEADER 00000nbm a2200000 4500
001 0132105
005 20161109111430.9
041 0 |a slo 
044 |a SK 
245 1 0 |a Spoločenská zodpovednosť firiem v tabakovom priemysle so zameranim na firmu Philip Morris  |b bakalárska práca  |c Simona Repková ; školiteľ: Katarína Chomová 
264 1 |a Bratislava  |c 2011 
300 |a 47 s. 
100 1 |a Repková, Simona 
700 1 |a Chomová, Katarína, 1983- 
710 2 |a Obchodná fakulta EU. Katedra marketingu